000 00484nam a22001457a 4500
003 SGT
082 _a616.89
_bT22A
100 _aARORA, PRIYA
245 _aTO DETERMINE THE EFFICACY OF ESCITALOPRAM AND L-METHYL FOLATE VERSUS ESCITALOPRAM AND S-ADENOSYL-L-METHIONINE (SAMe) VERSUS ESCITALOPRAM MONOTHERAPY IN DEPRESSIVE EPISODE: A RANDOMISED CONTROLLED TRIAL
260 _aGURUGRAM
_bSGT UNIVERSITY
_c2022
300 _a53
650 _aPSYCHIATRY
653 _aM.D
942 _2ddc
_cTH
999 _c26583
_d26583